Every Song by Funeral for a Friend - Statistics

General Stats
  • This quiz has been taken 13 times
  • The average score is 49 of 113
Answer Stats
Album Song % Correct
Casually Dressed & Deep in Conversation(2003) Bullet Theory
80%
Casually Dressed & Deep in Conversation(2003) Juneau
80%
Between Order and Model(2002) Juno
80%
Hours(2005) Roses for the Dead
80%
Chapter and Verse(2015) 1%
60%
Between Order and Model(2002) 10:45 Amsterdam Conversations
60%
Hours(2005) All the Rage
60%
Hours(2005) Alvarez
60%
Conduit(2013) Conduit
60%
Casually Dressed & Deep in Conversation(2003) Escape Artists Never Die
60%
Chapter and Verse(Bonus)(2015) Hidden Track
60%
Tales Don't Tell Themselves(2007) Into Oblivion (Reunion)
60%
Casually Dressed & Deep in Conversation(Bonus)(2003) Kiss and Makeup (All Bets Are Off)
60%
Casually Dressed & Deep in Conversation(2003) Moments Forever Faded
60%
Casually Dressed & Deep in Conversation(2003) Novella
60%
Welcome Home Armageddon(2011) Old Hymns
60%
Welcome Home Armageddon(2011) Owls (Are Watching)
60%
Between Order and Model(2002) | Casually Dressed & Deep in Conversation(2003) Red Is the New Black
60%
Casually Dressed & Deep in Conversation(2003) Rookie of the Year
60%
Casually Dressed & Deep in Conversation(2003) Storytelling
60%
Between Order and Model(Bonus)(2013) Storytelling, Pt. 2
60%
Between Order and Model(2002) The Art of American Football
60%
Welcome Home Armageddon(2011) This Side of Brightness
60%
Casually Dressed & Deep in Conversation(Bonus)(2003) This Year's Most Open Heartbreak
60%
Casually Dressed & Deep in Conversation(2003) Waking Up
60%
Welcome Home Armageddon(2011) Welcome Home Armageddon
60%
Your History Is Mine: 2002–2009(2009) You Want Romance?
60%
Chapter and Verse(2015) After All These Years…Like a Lightbulb Going Off in my Head
40%
Welcome Home Armageddon(2011) Aftertaste
40%
Tales Don't Tell Themselves(2007) All Hands on Deck: Part 1: Raise the Sail
40%
Tales Don't Tell Themselves(2007) All Hands on Deck: Part 2: Open Water
40%
Casually Dressed & Deep in Conversation(2003) Bend Your Arms to Look Like Wings
40%
Memory and Humanity(2008) Beneath the Burning Tree
40%
Conduit(2013) Best Friends and Hospital Beds
40%
Welcome Home Armageddon(2011) Broken Foundation
40%
Chapter and Verse(2015) Brother
40%
Memory and Humanity(2008) Building
40%
Your History Is Mine: 2002–2009(2009) Built to Last
40%
Your History Is Mine: 2002–2009(2009) Captains of Industry
40%
Memory and Humanity(2008) Charlie Don't Surf
40%
Memory and Humanity(2008) Constant Illuminations
40%
Memory and Humanity(2008) Constant Resurrections
40%
Welcome Home Armageddon(2011) Damned If You Do, Dead If You Don't
40%
Conduit(2013) Death Comes to Us All
40%
Chapter and Verse(2015) Donny
40%
Hours(2005) Drive
40%
Conduit(2013) Elements
40%
Memory and Humanity(Bonus)(2008) Faster
40%
Welcome Home Armageddon(2011) Front Row Seats to the End of the World
40%
Your History Is Mine: 2002–2009(2009) Getaway Plan
40%
Memory and Humanity(2008) Ghosts
40%
Between Order and Model(Bonus)(2013) Grand Central Station
40%
Conduit(2013) Grey
40%
Conduit(2013) High Castles
40%
Hours(2005) History
40%
Hours(2005) Hospitality
40%
Hours(Bonus)(2005) I Am the Arsonist
40%
Chapter and Verse(2015) Inequality
40%
Memory and Humanity(Bonus)(2008) Join Us
40%
Memory and Humanity(2008) Kicking and Screaming
40%
Hours(Bonus)(2005) Lazarus (In the Wilderness)
40%
Welcome Home Armageddon(2011) Man Alive
40%
Memory and Humanity(2008) Maybe I Am?
40%
Welcome Home Armageddon(2011) Medicated
40%
Chapter and Verse(2015) Modern Excuse of a Man
40%
Hours(2005) Monsters
40%
Conduit(2013) Nails
40%
Your History Is Mine: 2002–2009(2009) No Honour Among Thieves
40%
Tales Don't Tell Themselves(2007) On a Wire
40%
Tales Don't Tell Themselves(2007) One for the Road
40%
Tales Don't Tell Themselves(2007) Out of Reach
40%
Chapter and Verse(2015) Pencil Pusher
40%
Hours(2005) Recovery
40%
Memory and Humanity(2008) Rules and Games
40%
The Young and Defenceless(2010) Serpents in Solitude
40%
Casually Dressed & Deep in Conversation(2003) She Drove Me to Daytime Television
40%
Welcome Home Armageddon(2011) Sixteen
40%
Memory and Humanity(2008) Someday the Fire...
40%
Hours(2005) Sonny
40%
Conduit(2013) Spine
40%
Welcome Home Armageddon(2011) Spinning Over the Island
40%
Chapter and Verse(2015) Stand by Me for the Millionth Time
40%
Hours(2005) Streetcar
40%
Conduit(2013) Sun-Less
40%
Tales Don't Tell Themselves(2007) The Diary
40%
Conduit(2013) The Distance
40%
Hours(2005) The End of Nothing
40%
Tales Don't Tell Themselves(2007) The Great Wide Open
40%
Chapter and Verse(2015) The Jade Tree Years Were My Best
40%
Tales Don't Tell Themselves(2007) The Sweetest Wave
40%
Memory and Humanity(2008) To Die Like Mouchette
40%
Conduit(2013) Travelled
40%
The Young and Defenceless(2010) Vultures
40%
Tales Don't Tell Themselves(2007) Walk Away
40%
Memory and Humanity(2008) Waterfront Dance Club
40%
Your History Is Mine: 2002–2009(2009) Wrench
40%
Memory and Humanity(2008) You Can't See the Forest for the Wolves
40%
Casually Dressed & Deep in Conversation(2003) Your Revolution Is a Joke
40%
Chapter and Verse(2015) You Should Be Ashamed of Yourself
40%
Chapter and Verse(2015) You've Got a Bad Case of the Religions
40%
Your History Is Mine: 2002–2009(2009) 10 Scene Points to the Winner
20%
Your History Is Mine: 2002–2009(2009) Africa
20%
Welcome Home Armageddon(Bonus)(2011) Breakdown Avenue
20%
Tales Don't Tell Themselves(Bonus)(2007) Crash and Burn
20%
Your History Is Mine: 2002–2009(2009) Moment Forever Faded
20%
Your History Is Mine: 2002–2009(2009) In a Manner of Sleep
20%
Tales Don't Tell Themselves(Bonus)(2007) Rise and Fall
20%
Welcome Home Armageddon(Bonus)(2011) Symbolism in the Neighbourhood
20%
Your History Is Mine: 2002–2009(2009) This Letter
20%
Your History Is Mine: 2002–2009(2009) Bird on a Wire
0%
Your History Is Mine: 2002–2009(2009) Colossus
0%
Your History Is Mine: 2002–2009(2009) The Reunion
0%
No matching quizzes found
Score Distribution
Percent of People with Each Score
Percentile by Number Answered
Your Score History
You have not taken this quiz